000 00467nam a22001697a 4500
999 _c12446
_d12446
008 210202b ||||| |||| 00| 0 eng d
082 0 0 _a623.87236
_bP8767
100 _9803
_aPounder, C. C.
245 1 0 _aMarine diesel engines
_cby C. C. Pounder
250 _a4th ed.
260 _aLondon
_b Newnes Butterworth
_c1970
300 _aix, 772p.
365 _d90.00
490 0 _aThe Newnes Marine Engineering Series
650 0 _aMarine Diesel Motors
942 _cBK